000 00284nam a2200133Ia 4500
100 _aD.E. Knuth
942 _cBK
654 _aAlgorithms
245 _aFundamentals Algorithms
260 _bNarosa book
_aNew Delhi
_c1994
082 _a511.8
_bPAN
546 _aENGLISH
999 _c23190
_d23190